<?xml version="1.0" encoding="UTF-8"?>
<collection xmlns="http://www.loc.gov/MARC21/slim">
 <record>
  <leader>01466nam a2200193Ia 4500</leader>
  <controlfield tag="001">CTU_29444</controlfield>
  <controlfield tag="008">210402s9999    xx            000 0 und d</controlfield>
  <datafield tag="082" ind1=" " ind2=" ">
   <subfield code="a">632</subfield>
  </datafield>
  <datafield tag="082" ind1=" " ind2=" ">
   <subfield code="b">Th308</subfield>
  </datafield>
  <datafield tag="100" ind1=" " ind2=" ">
   <subfield code="a">Lê Văn Thiệt</subfield>
  </datafield>
  <datafield tag="245" ind1=" " ind2="0">
   <subfield code="a">Nghiên cứu sinh học và bước đầu đánh giá mức độ gây thiệt hại của một số giống lúa cỏ (Luận án Thạc sĩ Khoa học Nông nghiệp, chuyên ngành Nông học)</subfield>
  </datafield>
  <datafield tag="245" ind1=" " ind2="0">
   <subfield code="c">Lê Văn Thiệt</subfield>
  </datafield>
  <datafield tag="260" ind1=" " ind2=" ">
   <subfield code="a">Cần Thơ</subfield>
  </datafield>
  <datafield tag="260" ind1=" " ind2=" ">
   <subfield code="b">Trường ĐH Cần Thơ</subfield>
  </datafield>
  <datafield tag="260" ind1=" " ind2=" ">
   <subfield code="c">1998</subfield>
  </datafield>
  <datafield tag="520" ind1=" " ind2=" ">
   <subfield code="a">Công trình nghiên cứu về đặc tính sinh học và sinh môi của các giống lúa cỏ - một dịch bệnh đang phát triển gây hại trên giống lúa trồng: khảo sát và so sánh đặc tính nông học, xác định miên trạng hạt sau thu hoạch cũng như độ sống sót của 10 giống lúa cỏ và hai giống lúa trồng sau khi chôn ở hai chế độ đất (đất ngập nước liên tục và đất ẩm); đồng thời bước đầu đánh giá mức độ gây hại của một số giống lúa cỏ trên giống lúa trồng IR64</subfield>
  </datafield>
  <datafield tag="650" ind1=" " ind2=" ">
   <subfield code="a">plants, protection of,rice - research,weedy rice - control</subfield>
  </datafield>
  <datafield tag="904" ind1=" " ind2=" ">
   <subfield code="i">Minh, 990405</subfield>
  </datafield>
  <datafield tag="980" ind1=" " ind2=" ">
   <subfield code="a">Trung tâm Học liệu Trường Đại học Cần Thơ</subfield>
  </datafield>
 </record>
</collection>
